000 00346nam a2200145Ia 4500
005 20250423094728.0
008 250422s9999 xx 000 0 und d
020 _a0201334585
245 0 _aChemistry : solutions manual for chapter reviews
260 _aNew York
260 _bPrentice Hall
260 _c2000
300 _a115 p
942 _cBK
999 _c28118
_d28118